Metodología de la programación orientada a objetos (Registro nro. 20321)

Detalles MARC
000 -CABECERA
Longitud fija campo de control 00677nam a22002177a 4500
003 - IDENTIFICADOR DELl NÚMERO DE CONTROL
Identificador del número de control OSt
005 - FECHA Y HORA DE LA ÚLTIMA TRANSACCIÓN
Fecha y hora de la última transacción 20180319143048.0
008 - CÓDIGOS DE INFORMACIÓN DE LONGITUD FIJA
Códigos de información de longitud fija 150421b xxu||||| |||| 00| 0 eng d
020 ## - NÚMERO INTERNACIONAL NORMALIZADO PARA LIBROS
Número Internacional Normalizado para Libros (ISBN) 978-958-380-761-4
040 ## - FUENTE DE LA CATALOGACIÓN
Centro catalogador de origen BCRI
Lengua de catalogación spa
Centro transcriptor BCRI
082 ## - NÚMERO DE LA CLASIFICACIÓN DECIMAL DEWEY
Númeroo de clasificación 006.66
082 ## - NÚMERO DE LA CLASIFICACIÓN DECIMAL DEWEY
Númeroo de clasificación 005.13
100 1# - PUNTO DE ACCESO PRINCIPAL-NOMBRE DE PERSONA
9 (RLIN) 33645
Nombre de persona López Román, Leobardo
245 10 - MENCIÓN DE TÍTULO
Título Metodología de la programación orientada a objetos
Mención de responsabilidad, etc. Leobardo López Román
260 0# - PUBLICACIÓN, DISTRIBUCIÓN, ETC. (PIE DE IMPRENTA)
Lugar de publicación, distribución, etc. México D. F.
Nombre del editor, distribuidor, etc. Alfaomega Editores
Fecha de publicación, distribución, etc. 2009
300 ## - DESCRIPCIÓN FÍSICA
Extensión 453 p.
Otras características físicas il.
Dimensiones 23 cm
500 ## - NOTA GENERAL
Nota general Índice p. 15-18
650 24 - PUNTO DE ACCESO ADICIONAL DE MATERIA - TÉRMINO DE MATERIA
9 (RLIN) 3368
Término de materia o nombre geográfico como elemento inicial Metodología
650 24 - PUNTO DE ACCESO ADICIONAL DE MATERIA - TÉRMINO DE MATERIA
9 (RLIN) 1634
Término de materia o nombre geográfico como elemento inicial Programación orientada a objetos
Subdivisión de materia general (Computación)
942 ## - ENTRADA DE ELEMENTOS AGREGADOS (KOHA)
Fuente de clasificaión o esquema Dewey Decimal Classification
Koha [por defecto] tipo de item 1- Monografias
Parte de clasificación prozim
Existencias
Suprimido Perdido Fuente de clasificación o esquema Estropeado Restricciones de uso No para préstamo Código de colección Localización permanente Localización actual Localización en estanter&íacute;as Fecha adquisición Fuente de adquisición Número de inventario Préstamos totales Signatura completa Código de barras Fecha última consulta Fecha del precio de reemplazo Tipo de item de Koha Fecha último préstamo
NULL NULL Dewey Decimal Classification NULL Prestable NULL NULL Biblioteca Centro Regional de Ilobasco Biblioteca Centro Regional de Ilobasco Sala Principal 23/04/2015 UNICAES LI000141   006.66 LOP met 1030758 23/04/2015 23/04/2015 1- Monografias  
NULL NULL Dewey Decimal Classification NULL Prestable NULL NULL Biblioteca Centro Regional de Ilobasco Biblioteca Centro Regional de Ilobasco Sala Principal 23/04/2015 UNICAES LI000142 1 006.66 LOP met 1030759 04/04/2022 23/04/2015 1- Monografias 04/04/2022
NULL NULL Dewey Decimal Classification NULL Prestable NULL NULL Biblioteca Centro Regional de Ilobasco Biblioteca Centro Regional de Ilobasco Sala Principal 11/05/2015 UNICAES LI000237   006.66 LOP met 1031099 11/05/2015 11/05/2015 1- Monografias